| 000 | 00906nas a2200301 4500 | ||
|---|---|---|---|
| 001 | BR7800757 | ||
| 003 | BR-BrBNA | ||
| 005 | 20231205083325.0 | ||
| 007 | ta | ||
| 008 | 230509b bl.|||p| |||| 00| 00por d | ||
| 040 |
_aBR-BrBNA _bpor _cBiblioteca Nacional de Agricultura |
||
| 041 | _a(Pt) | ||
| 072 | _aL73 | ||
| 100 | 1 | _aAvila, F.A. | |
| 100 | 1 | _aMoreira, E.C. | |
| 100 | 1 | _aViana, F.C. | |
| 100 | 1 | _aCosta, A.J. | |
| 245 | 1 | _aFrequencia de aglutininas anti-leptospiras em soros de suinos de Minas Gerais [Brasil] | |
| 650 | _aDOENCA ANIMAL | ||
| 650 | _aSUÍNO | ||
| 650 | _aAGLUTININA | ||
| 650 | _aSORO | ||
| 650 | _aLEPTOSPIROSE | ||
| 650 | _aMINAS GERAIS | ||
| 773 | 0 |
_tArquivos da Escola de Veterinaria da Universidade Federal de Minas Gerais (Brazil) _xISSN 0365-8384 _g(1977), v. 29(3) p. 263-268 _wBR7800757 |
|
| 909 |
_a202311 _bLúcia _c55 _dLúcia Elande |
||
| 942 |
_2AGRIS _n0 _cANA |
||
| 999 |
_c97986 _d97986 |
||